Statistics for All Rock type Pokémon

Click here to take the quiz!

General Stats

  • This quiz has been taken 136 times
    (57 since last reset)
  • The average score is 65 of 79

Answer Stats

TypeGenerationPokémon% Correct
Rock-Electric7Alolan Geodude
100%
Rock-Ground1Geodude
100%
Rock-Ground1Golem
100%
Rock-Ground1Onix
100%
Rock-Flying1Aerodactyl
97%
Rock-Elecric7Alolan Golem
97%
Rock-Electric7Alolan Graveler
97%
Rock-Grass3Cradily
97%
Rock-Ground1Graveler
97%
Rock-Water1Kabuto
97%
Rock-Water1Kabutops
97%
Rock-Grass3Lileep
97%
Rock-Water1Omanyte
97%
Rock-Water1Omastar
97%
Rock-Flying5Archen
94%
Rock-Flying5Archeops
94%
Water-Rock2Corsola
94%
Rock-Ground2Larvitar
94%
Fire-Rock2Magcargo
94%
Rock-Ground2Pupitar
94%
Rock-Dark2Tyranitar
94%
Steel-Rock3Aggron
91%
Rock-Ice6Amaura
91%
Rock-Bug3Anorith
91%
Rock-Bug3Armaldo
91%
Steel-Rock3Aron
91%
Rock-Ice6Aurorus
91%
Rock-Steel4Bastiodon
91%
Steel-Rock3Lairon
91%
Rock-Psychic3Lunatone
91%
3Nosepass
91%
Rock-Steel4Probopass
91%
Ground-Rock1Rhydon
91%
Ground-Rock1Rhyhorn
91%
Rock-Steel4Shieldon
91%
Rock-Psychic3Solrock
91%
Rock-Dragon6Tyrantrum
91%
Rock-Dragon6Tyrunt
91%
Bug-Rock5Crustle
88%
Rock-Fairy6Diancie
88%
4Rampardos
88%
Ground-Rock4Rhyperior
88%
Rock-Fairy6Carbink
85%
Rock-Fire8Coalossal
85%
4Cranidos
85%
Bug-Rock2Shuckle
85%
5Boldore
82%
Bug-Rock5Dwebble
82%
5Gigalith
82%
7Lycanroc
82%
7Rockruff
82%
5Roggenrola
82%
2Sudowoodo
82%
Rock-Fighting5Terrakion
82%
3Regirock
79%
Water-Rock3Relicanth
79%
Rock-Steel7Stakataka
79%
Rock-Water6Binacle
76%
Rock-Flying7Minior
76%
Rock-Water6Barbaracle
73%
4Bonsly
73%
Rock-Fire8Carkol
73%
Water-Rock5Carracosta
73%
Water-Rock5Tirtouga
73%
Rock-Poison7Nihilego
67%
Rock-Poison9Glimmet
61%
Rock-Poison9Glimmora
61%
Fire-Rock8Hisuian Arcanine
61%
Fire-Rock8Hisuian Growlithe
61%
Bug-Rock8Kleavor
61%
Grass-Rock9Ogerpon
61%
9Klawf
55%
9Nacli
55%
Rock-Electric9IronThorns
52%
9Naclstack
52%
8Rolycoly
52%
Water-Rck8Drednaw
48%
9Garganacl
45%
8Stonjourner
36%

Score Distribution

Percentile by Number Answered

Percent of People with Each Score

Your Score History

You have not taken this quiz since the last reset